Poesie-Peinture
Αποθηκεύτηκε σε:
| Κύριος συγγραφέας: | |
|---|---|
| Μορφή: | Βιβλίο |
| Γλώσσα: | French |
| Δημοσίευση: |
Paris :
Hachette,
1986
|
| Σειρά: | Pedagogie Pratique a l'Ecole
|
| Θέματα: | |
| Ετικέτες: |
Προσθήκη ετικέτας
Δεν υπάρχουν, Καταχωρήστε ετικέτα πρώτοι!
|
MARC
| LEADER | 00000nam a2200000 i 4500 | ||
|---|---|---|---|
| 001 | 1/71833 | ||
| 008 | 970728s1986 fre d | ||
| 020 | |a 2-01-011413-2 | ||
| 035 | |a 1988 |b 3 |c Χριστοδουλίδου |l 10031068 | ||
| 040 | |a GR-MY-UA |b gre |e aacr | ||
| 041 | 0 | |a fre | |
| 082 | 0 | |a 448 | |
| 100 | 1 | |a Rosa, Robert de. | |
| 245 | 1 | 0 | |a Poesie-Peinture / |c Robert de Rosa |
| 260 | |a Paris : |b Hachette, |c 1986 | ||
| 300 | |a 80 p. | ||
| 490 | 1 | |a Pedagogie Pratique a l'Ecole | |
| 650 | 0 | 0 | |a French language |x Study and teaching. |
| 830 | 0 | |a Pedagogie Pratique a l'Ecole | |
| 852 | |a INST |b RHODES |e 19970728 |h 448 ROS |p 005400008484 |q 005400008484 |t BK |y 0 | ||
| 909 | |a Ρ |b 011947 |c 1988 | ||
| 970 | |z 2000/08/ΔΕΜΕΝΑΓΑΣ ΠΕΤΡΟΣ | ||